Statistics for U.S States with Female Governors

Click here to take the quiz!

General Stats

  • This quiz has been taken 82 times
  • The average score is 20 of 28

Answer Stats

Year of the first female GovernorState with a female Governor% Correct
1991Oregon
83%
1967Alabama
82%
1988Arizona
82%
1925Texas
82%
1977Washington
80%
1982New Hampshire
78%
1991Kansas
77%
2006Alaska
75%
2011South Carolina
75%
2017Iowa
73%
2011New Mexico
73%
2001Massachusetts
72%
1994New Jersey
72%
2015Rhode Island
72%
1985Vermont
72%
1975Connecticut
70%
2009North Carolina
70%
1998Ohio
70%
1925Wyoming
70%
2001Delaware
68%
2002Hawaii
68%
1983Kentucky
67%
2004Louisiana
67%
2003Michigan
67%
2001Montana
65%
2011Oklahoma
65%
1987Nebraska
60%
2003Utah
50%

Score Distribution

Percentile by Number Answered

Percent of People with Each Score

Your Score History

You have not taken this quiz